000 00829cam a2200253 a 4500
005 20160115085118.0
008 040327s2002 us r 00110 eng d
020 _a1853836982
040 _ala
_cla
041 0 _aeng
082 0 4 _a333.95
_bR88b
110 2 _aRoyal Botanic Gardens KEW
245 0 0 _aBiodiversity and traditional knowledge :
_bequitable partnerships in practice.
250 _aEdited by Sarah A. Laird.
260 _aLondon :
_bSterling, Earthscan Publications,
_c2002.
300 _axxxix, 504 p. :
_bil. ;
_c24 cm.
504 _aIncluye bibliografia e Indice.
650 _aDiversidad biologica.
650 2 _aRecursos de germoplasma.
650 2 _aConocimiento Tradicional
700 1 _aLaird, Sarah A.,
_eed.
942 _2ddc
_cARTICULO
949 _an
_bn
999 _c17970
_d17970